Novozvoleným funkcionárom ROH Vydavateľstvo a nakladateľstvo ROH Práca

Bibliographic Details
Main Author: Jurík, Karol (Author)
Format: Article
Language:Slovak
Subjects:

MARC

LEADER 00000nab a2200000 a 4500
001 vtls000031603
003 SK-MaSNL
005 20260303022816.0
008 190108c1979 xo 0 slo
015 |a SNBRB19rr/mm-uuuuu 
035 |a CL0041697 
040 |a SNKBUCL  |b slo  |c SNKBUCL  |e AACR2 
041 0 |a slo 
044 |a xo  |c SK 
080 |a 331.88(437)  |2 1981 
100 1 |a Jurík, Karol  |4 aut  |9 306744 
245 1 0 |a Novozvoleným funkcionárom ROH  |b Vydavateľstvo a nakladateľstvo ROH Práca  |c Karol Jurík 
610 2 7 |a Revolučné odborové hnutie  |2 SNKKA  |9 36449 
655 7 |a články z novín a časopisov  |2 snkbucl  |9 267496 
773 0 |t Odborár  |g Roč. 33, č. 10 (1979), s. 25 
850 |a Slovenská národná knižnica v Martine  |a MTA001 
852 |a SNK  |b KIS3GCP 
958 |a RK 
992 |a RBX 
999 |c 1631007  |d 1632937